000 00483nam a2200181Ia 4500
003 IN-BaIIA
008 211028s9999 xx 000 0 eng d
040 _cIIA Library
080 _a621.355
100 _aWade, E. J.
_91765
245 0 _aSecondary batteries
_cE. J. Wade
260 _aLondon
_bThe Electrician Publishing
_c1902
300 _aix, 492p.
490 _aThe electrician series
650 _aElectric batteries
_91766
650 _aStorage batteries
_91767
942 _cBK
999 _c827
_d827